Города Южного федерального округа России - Statistics

General Stats
  • This quiz has been taken 148 times
  • The average score is 57 of 96
Answer Stats
Население Подсказка Город % Correct
465 524 Астраханская область Астрахань
100%
1 018 898 Волгоградская область Волгоград
100%
1 138 654 Краснодарский край Краснодар
98%
1 140 487 Ростовская область Ростов-на-Дону
97%
444 989 Краснодарский край Сочи
93%
340 540 Республика Крым Симферополь
93%
137 965 Республика Адыгея Майкоп
92%
261 626 Краснодарский край Новороссийск
90%
82 695 Краснодарский край Анапа
90%
561 374 Город федерального значения Севастополь
90%
103 219 Республика Калмыкия Элиста
88%
245 120 Ростовская область Таганрог
88%
154 621 Республика Крым Керчь
86%
321 479 Волгоградская область Волжский
85%
80 296 Краснодарский край Геленджик
81%
60 707 Краснодарский край Туапсе
81%
226 452 Ростовская область Шахты
81%
107 877 Республика Крым Евпатория
80%
74 652 Республика Крым Ялта
80%
13 191 Республика Адыгея Адыгейск
78%
163 674 Ростовская область Новочеркасск
78%
31 364 Республика Крым Алушта
78%
103 480 Ростовская область Новошахтинск
76%
66 293 Республика Крым Феодосия
76%
168 048 Ростовская область Волгодонск
75%
9063 Республика Крым Алупка
75%
184 219 Краснодарский край Армавир
71%
82 534 Краснодарский край Ейск
71%
81 924 Ростовская область Азов
71%
16 154 Астраханская область Камызяк
69%
37 014 Республика Крым Джанкой
69%
39 050 Краснодарский край Усть-Лабинск
68%
61 449 Краснодарский край Славянск-на-Кубани
66%
56 128 Краснодарский край Лабинск
66%
30 465 Краснодарский край Приморско-Ахтарск
66%
126 988 Ростовская область Батайск
66%
20 692 Республика Крым Армянск
66%
35 635 Астраханская область Ахтубинск
64%
41 482 Краснодарский край Горячий Ключ
64%
10 470 Республика Крым Старый Крым
64%
107 927 Волгоградская область Камышин
63%
28 609 Республика Крым Бахчисарай
63%
86 365 Ростовская область Каменск-Шахтинский
59%
17 834 Республика Крым Судак
59%
74 893 Краснодарский край Кропоткин
58%
54 582 Краснодарский край Тихорецк
58%
40 994 Краснодарский край Темрюк
58%
54 420 Краснодарский край Крымск
56%
41 391 Краснодарский край Кореновск
56%
38 866 Краснодарский край Абинск
56%
25 569 Республика Крым Красноперекопск
56%
24 285 Республика Крым Саки
56%
16 298 Республика Крым Белогорск
56%
10 131 Республика Крым Щёлкино
56%
51 398 Краснодарский край Тимашёвск
54%
21 829 Краснодарский край Хадыженск
54%
46 623 Ростовская область Донецк
54%
11 104 Астраханская область Нариманов
51%
39 577 Краснодарский край Апшеронск
51%
33 175 Краснодарский край Гулькевичи
51%
48 372 Ростовская область Аксай
51%
34 841 Ростовская область Миллерово
51%
14 731 Ростовская область Цимлянск
51%
36 669 Волгоградская область Урюпинск
49%
8285 Республика Калмыкия Городовиковск
49%
33 487 Краснодарский край Новокубанск
49%
13 834 Республика Калмыкия Лагань
47%
24 628 Астраханская область Знаменск
44%
24 277 Волгоградская область Калач-на-Дону
44%
55 010 Краснодарский край Белореченск
44%
57 937 Ростовская область Сальск
44%
24 258 Ростовская область Морозовск
44%
24 076 Ростовская область Зерноград
44%
18 514 Астраханская область Харабали
42%
46 393 Краснодарский край Курганинск
42%
60 361 Ростовская область Гуково
42%
18 227 Волгоградская область Суровикино
41%
40 448 Ростовская область Белая Калитва
39%
56 031 Волгоградская область Михайловка
37%
16 545 Волгоградская область Краснослободск
37%
21 719 Ростовская область Семикаракорск
37%
12 526 Волгоградская область Петров Вал
36%
8633 Волгоградская область Серафимович
36%
35 697 Ростовская область Красный Сулин
36%
19 353 Ростовская область Зверево
36%
35 661 Волгоградская область Фролово
34%
18 983 Ростовская область Пролетарск
34%
21 028 Волгоградская область Котово
31%
15 351 Волгоградская область Новоаннинский
31%
13 391 Волгоградская область Ленинск
31%
15 555 Волгоградская область Жирновск
29%
14 966 Волгоградская область Палласовка
29%
14 779 Волгоградская область Дубовка
29%
17 207 Ростовская область Константиновск
27%
22 016 Волгоградская область Котельниково
24%
13 460 Волгоградская область Николаевск
24%
No matching quizzes found
Score Distribution
Percent of People with Each Score
Percentile by Number Answered
Your Score History
You have not taken this quiz